[Event "Arab-ch U16"]
[Site "Hammamet"]
[Date "2018.10.28"]
[Round "1.5"]
[White "Salem, Ahmed Salem"]
[Black "Ben Hamouda, Fedi"]
[Result "1-0"]
[WhiteElo "1978"]
[BlackElo "1512"]
[PlyCount "89"]
[EventDate "2018.10.28"]
[EventType "swiss"]
[EventRounds "9"]
[EventCountry "TUN"]
[SourceTitle "EXT 2024"]
[Source "ChessBase"]
[SourceDate "2023.10.10"]
[SourceVersion "1"]
[SourceVersionDate "2023.10.10"]
[SourceQuality "1"]

1. e4 e5 2. Nf3 Nc6 3. d4 exd4 4. Nxd4 Nf6 5. Nxc6 bxc6 6. e5 Nd5 7. c4 Nb6 8. Bd3 d6 9. exd6 cxd6 10. 0-0 Be7 11. Qc2 h6 12. Re1 0-0 13. Qe2 Bg5 14. Bxg5 Qxg5 15. Qe4 Qg6 16. Qxg6 fxg6 17. c5 dxc5 18. Bxg6 Nd5 19. Na3 Bf5 20. Bxf5 Rxf5 21. b3 Nb4 22. Re2 Rd5 23. Nc4 Rad8 24. g3 Rd1+ 25. Rxd1 Rxd1+ 26. Kg2 Ra1 27. a3 Nd3 28. Re7 Nc1 29. Rb7 Ra2 30. a4 Nd3 31. Rxa7 Nxf2 32. Kf3 Nd3 33. h4 Nb2 34. Ra5 Nxc4 35. bxc4 Kf7 36. Ke4 Ke7 37. Rxc5 Rxa4 38. Rxc6 Kd7 39. Kd5 Ra8 40. Rg6 Rg8 41. c5 Kc7 42. c6 Rd8+ 43. Kc5 Rg8 44. h5 Kc8 45. Kb6 1-0